|
|
|
|
| LEADER |
01086pam a22002537i 4500 |
| 001 |
1163359 |
| 005 |
20210117210212.0 |
| 008 |
160929s1996 us a f b 001 0deng d |
| 010 |
|
|
|a 96031475
|
| 020 |
|
|
|a 1567992390
|
| 040 |
|
|
|a DLC
|b gre
|c DLC
|d DLC
|d GR-PaULI
|e AACR2
|
| 041 |
0 |
|
|a eng
|
| 082 |
0 |
0 |
|a 791.436 17
|2 23
|
| 100 |
1 |
|
|a Guttmacher, Peter.
|9 157173
|e συγγραφέας
|
| 245 |
1 |
0 |
|a Legendary comedies /
|c Peter Guttmacher.
|
| 260 |
|
|
|a New York, NY :
|b MetroBooks,
|c c1996.
|
| 300 |
|
|
|a 128 σ. :
|b εικ. ;
|c 33 εκ.
|
| 504 |
|
|
|a Περιλαμβάνει βιβλιογραφία (σ. 124-125) και ευρετήριο.
|
| 650 |
0 |
4 |
|a Ηθοποιοί, Κωμικοί
|x Biography.
|9 147970
|
| 650 |
0 |
4 |
|9 156782
|a Κινηματογραφικές ταινίες
|x Κωμωδία
|x Ιστορία και κριτική
|
| 942 |
|
|
|2 ddc
|c BK15
|
| 952 |
|
|
|0 0
|1 0
|2 ddc
|4 0
|6 791_436000000000000_17_GUT
|7 0
|9 205876
|a THST
|b THST
|d 2016-09-29
|i 003923
|l 0
|o 791.436 17 GUT
|p 025000016130
|r 2016-09-29 00:00:00
|t 1
|v 2016.00
|w 2016-09-29
|y BK15
|
| 998 |
|
|
|c ΜΑΝΙΑ
|d 2016-09
|
| 999 |
|
|
|c 125179
|d 125179
|